Statistiques concernant Pays strictement déconseillé pour les Canadiens

Cliquez ici pour prendre le quiz!

Statistiques générales

  • Ce quiz a été pris 153 fois
  • Le résultat moyen est 13 sur 19

Statistiques - réponses

Pays déconseillé% Correct
Russie
90%
Irak
87%
Iran
87%
Afghanistan
83%
Corée du Nord
82%
Syrie
82%
Ukraine
74%
Yémen
72%
Somalie
70%
Mali
65%
Soudan du Sud
65%
Biélorussie
62%
Niger
62%
Libye
54%
Venezuela
50%
Burkina Faso
49%
Birmanie/Myanmmar
47%
Haiti
47%
République centrafricaine
41%

Distribution des résultats

Percentile par nombre de réponses

% des personnes avec chaque résultat

Votre développement - résultats

Vous n’avez pas pris ce quiz